L' oncle Canyis (Record no. 24033)

MARC details
000 -LEADER
campo de control de longitud fija 00552nam a2200193 i 4500
001 - NÚMERO DE CONTROL
campo de control 24033
003 - IDENTIFICADOR DE NÚMERO DE CONTROL
campo de control ES-MaACL
005 - FECHA Y HORA DE LA ÚLTIMA TRANSACCIÓN
campo de control 20230906152956.0
007 - CAMPO FIJO DE DESCRIPCIÓN FÍSICA--INFORMACIÓN GENERAL
campo de control de longitud fija t|
008 - DATOS DE LONGITUD FIJA--INFORMACIÓN GENERAL
campo de control de longitud fija 021213s1973 sp ||||1| val d
100 1# - ENTRADA PRINCIPAL--NOMBRE DE PERSONA
Nombre de persona Amo, Joaquín.
9 (RLIN) 21275
245 13 - MENCIÓN DEL TÍTULO
Título L' oncle Canyis
Resto del título : estampes del vell monover /
Mención de responsabilidad, etc. Joaquín del Amo.
260 ## - PUBLICACIÓN, DISTRIBUCIÓN, ETC.
Lugar de publicación, distribución, etc. Valencia :
Nombre del editor, distribuidor, etc. [s.n.,
Fecha de publicación, distribución, etc. 1973] (
Fabricante Imp. Fermar)
300 ## - DESCRIPCIÓN FÍSICA
Extensión 159 p. ;
Dimensiones 22 cm.
490 1# - MENCIÓN DE SERIE
Mención de serie L'estel ;
Designación de volumen o secuencia 21
830 0# - PUNTO DE ACCESO ADICIONAL DE SERIE-TÍTULO UNIFORME
Título uniforme L'estel ;
Designación de volumen o secuencia 21
9 (RLIN) 180889
852 ## - LOCALIZACIÓN
Ubicación ES-MaACL
Número de control de estantería C-53430
Sublocalización o colección R.86500
Holdings
Estatus retirado Estado de pérdida Estado de daño No para préstamo Biblioteca de origen Biblioteca actual Ubicación en estantería Fecha de adquisición Fuente de adquisición Total de préstamos Signatura topográfica completa Código de barras Visto por última vez Precio de reemplazo Tipo de ítem Koha
        Biblioteca del Ateneo de Madrid Biblioteca del Ateneo de Madrid Depósito 2 17/01/2008     C-53430 1024770 23/02/2023 23/02/2023 Libro impreso